000 00572nam a2200181 a 4500
001 000034954
005 20200930074017.0
008 111024s1961 ag 000 0 spa d
040 _aDO-SdBNP
_bspa
_cBNPHU
100 1 _aJoyce, James
_960545
245 1 0 _aGente de Dublín /
_cJames Joyce.
250 _a2a ed.
260 _aBuenos Aires :
_bCompañia General de Fabril Editora,
_c1961.
300 _a199 p. ;
_c20 cm.
500 _aIncluye notas al pie de las páginas
590 _aPerteneció a la biblioteca personal de Juan Isidro Jimenes Grullón
049 _aBNPD
999 _c34445
_d34445